000 00380pam a2200157a 44500
008 230515b1967 xxu||||| |||| 00| 0 eng d
020 _aNULL
041 _aENGLISH
082 _aN.D.
100 _aHeitner Joseph
245 _aAutomotive Mechanics Priniples & Practice
250 _a0
260 _aNULL
_bAffilated East - West Press
_c1967
300 _a608
650 _aNULL
999 _c576389
_d576389